World Economic Outlook, October 2016 : Subdued Demand: Symptoms and Remedies.

According to the October 2016 "World Economic Outlook," global growth is projected to slow to 3.1 percent in 2016 before recovering to 3.4 percent in 2017. The forecast, revised down by 0.1 percentage point for 2016 and 2017 relative to April's report, reflects a more subdued outlook...

Popoln opis

Bibliografske podrobnosti
Korporativna značnica: International Monetary Fund. Research Dept
Format: Revija
Jezik:English
Izdano: Washington, D.C. : International Monetary Fund, 2016.
Serija:World Economic Outlook; World Economic Outlook ; No. 2016/002
Online dostop:Full text available on IMF
LEADER 02937cas a2200253 a 4500
001 AALejournalIMF017198
008 230101c9999 xx r poo 0 0eng d
020 |c 50.00 USD 
020 |z 9781475550764 
022 |a 1020-508X 
040 |a BD-DhAAL  |c BD-DhAAL 
110 2 |a International Monetary Fund.  |b Research Dept. 
240 1 0 |a World Economic Outlook, October 2016: Subdued Demand: Symptoms and Remedies.  |l Arabic 
245 1 0 |a World Economic Outlook, October 2016 :   |b Subdued Demand: Symptoms and Remedies. 
264 1 |a Washington, D.C. :  |b International Monetary Fund,  |c 2016. 
300 |a 1 online resource (288 pages) 
490 1 |a World Economic Outlook 
500 |a <strong>Off-Campus Access:</strong> No User ID or Password Required 
500 |a <strong>On-Campus Access:</strong> No User ID or Password Required 
506 |a Electronic access restricted to authorized BRAC University faculty, staff and students 
520 3 |a According to the October 2016 "World Economic Outlook," global growth is projected to slow to 3.1 percent in 2016 before recovering to 3.4 percent in 2017. The forecast, revised down by 0.1 percentage point for 2016 and 2017 relative to April's report, reflects a more subdued outlook for advanced economies following the June U.K. vote in favor of leaving the European Union (Brexit) and weaker-than-expected growth in the United States. These developments have put further downward pressure on global interest rates, as monetary policy is now expected to remain accommodative for longer. Although the market reaction to the Brexit shock was reassuringly orderly, the ultimate impact remains very unclear, as the fate of institutional and trade arrangements between the United Kingdom and the European Union is uncertain. Financial market sentiment toward emerging market economies has improved with expectations of lower interest rates in advanced economies, reduced concern about China's near-term prospects following policy support to growth, and some firming of commodity prices. But prospects differ sharply across countries and regions, with emerging Asia in general and India in particular showing robust growth and sub-Saharan Africa experiencing a sharp slowdown. In advanced economies, a subdued outlook subject to sizable uncertainty and downside risks may fuel further political discontent, with anti-integration policy platforms gaining more traction. Several emerging market and developing economies still face daunting policy challenges in adjusting to weaker commodity prices. These worrisome prospects make the need for a broad-based policy response to raise growth and manage vulnerabilities more urgent than ever. 
538 |a Mode of access: Internet 
830 0 |a World Economic Outlook; World Economic Outlook ;  |v No. 2016/002 
856 4 0 |z Full text available on IMF  |u http://elibrary.imf.org/view/books/081/23490-9781475550764-ar/23490-9781475550764-ar-book.xml  |z IMF e-Library